Normal view
MARC view
- Conciertos (Violín)
Entry Materia
001 - NÚMERO DE CONTROL DEL REGISTRO
- campo de control: 51775
003 - IDENTIFICADOR DE NUMERO DE CONTROL
- campo de control: MX-MxUPN
005 - FECHA Y HORA DE LA ÚLTIMA TRANSACCIÓN
- campo de control: 20240429133558.0
008 - DATOS DE LONGITUD FIJA
- campo de control de longitud fija: 240429nn annnnbabn n a|a d
040 ## - FUENTE DE LA CATALOGACIÓN
- Centro catalogador de origen: MX-MxUPN
- Lengua de catalogación: spa
150 ## - ENCABEZAMIENTO - TEMÁTICO
- Término de materia o nombre geográfico como elemento inicial: Conciertos (Violín)
670 ## - FUENTE EN LA QUE SE LOCALIZARON DATOS
- Cita de la fuente: Escamilla González, G. Lista de encabezamientos de materia, 1978 :
- Información localizada: página 194 (Conciertos (Violín))
902 ## - CATALOGADOR
- Catalogador: VíctorGodínez/290424
